| 000 -LEADER |
| fixed length control field |
01873nam a2200397 i 4500 |
| 001 - CONTROL NUMBER |
| control field |
ocn1235819521 |
| 003 - CONTROL NUMBER IDENTIFIER |
| control field |
OCoLC |
| 005 - DATE AND TIME OF LATEST TRANSACTION |
| control field |
20250828155723.0 |
| 008 - FIXED-LENGTH DATA ELEMENTS--GENERAL INFORMATION |
| fixed length control field |
210531s2021 nyua j 6 000 1 eng d |
| 020 ## - INTERNATIONAL STANDARD BOOK NUMBER |
| International Standard Book Number |
9780062894564 |
| 040 ## - CATALOGING SOURCE |
| Original cataloging agency |
KYC |
| Language of cataloging |
eng |
| Description conventions |
rda |
| Modifying agency |
ORX |
| -- |
FM0 |
| -- |
OCLCO |
| -- |
IK2 |
| -- |
VAX |
| -- |
OEL |
| -- |
FMG |
| -- |
OCLCF |
| -- |
SDG |
| -- |
TCH |
| -- |
S#L |
| -- |
NZAUC |
| -- |
OCLCQ |
| -- |
VYG |
| -- |
NYP |
| -- |
CaOL |
| Transcribing agency |
KH8 |
| 082 ## - DEWEY DECIMAL CLASSIFICATION NUMBER |
| Classification number |
FIC LIB |
| 100 1# - MAIN ENTRY--PERSONAL NAME |
| Personal name |
Libenson, Terri, |
| Relator term |
author, |
| -- |
illustrator. |
| 245 10 - TITLE STATEMENT |
| Title |
Truly Tyler / |
| Statement of responsibility, etc. |
Terri Libenson. |
| 246 30 - VARYING FORM OF TITLE |
| Title proper/short title |
Tyler. |
| 264 #1 - PRODUCTION, PUBLICATION, DISTRIBUTION, MANUFACTURE, AND COPYRIGHT NOTICE |
| Place of production, publication, distribution, manufacture |
New York : |
| Name of producer, publisher, distributor, manufacturer |
Balzer + Bray, an imprint of HarperCollins Publishers, |
| Date of production, publication, distribution, manufacture, or copyright notice |
[2021] |
| 264 #1 - PRODUCTION, PUBLICATION, DISTRIBUTION, MANUFACTURE, AND COPYRIGHT NOTICE |
| Date of production, publication, distribution, manufacture, or copyright notice |
©2021. |
| 300 ## - PHYSICAL DESCRIPTION |
| Extent |
374 pages : |
| Other physical details |
chiefly colour illustrations ; |
| Dimensions |
21 cm. |
| 336 ## - CONTENT TYPE |
| Content type term |
text |
| Source |
rdacontent. |
| 336 ## - CONTENT TYPE |
| Content type term |
still image |
| Source |
rdacontent. |
| 337 ## - MEDIA TYPE |
| Media type term |
unmediated |
| Source |
rdamedia. |
| 338 ## - CARRIER TYPE |
| Carrier type term |
volume |
| Source |
rdacarrier. |
| 520 ## - SUMMARY, ETC. |
| Summary, etc. |
"A story about being your truest self--and trusting your truest friends. Cliques. Crushes. Comics. Middle school. Ever since Tyler started getting into art and hanging out with Emmie, his friends and teammates have been giving him a hard time. He wonders why can't he nerd out on drawing and play ball? Emmie is psyched that she gets to work on a comics project with her crush, Tyler. But she gets the feeling that his friends don't think she's cool enough. Maybe it's time for a total reinvention..."--Provided by publisher. |
| 650 #0 - SUBJECT ADDED ENTRY--TOPICAL TERM |
| Topical term or geographic name entry element |
Boys |
| Form subdivision |
Juvenile fiction. |
| 650 #0 - SUBJECT ADDED ENTRY--TOPICAL TERM |
| Topical term or geographic name entry element |
Girls |
| Form subdivision |
Juvenile fiction. |
| 650 #0 - SUBJECT ADDED ENTRY--TOPICAL TERM |
| Topical term or geographic name entry element |
Infatuation |
| Form subdivision |
Juvenile fiction. |
| 650 #0 - SUBJECT ADDED ENTRY--TOPICAL TERM |
| Topical term or geographic name entry element |
Middle schools |
| Form subdivision |
Juvenile fiction. |
| 650 #0 - SUBJECT ADDED ENTRY--TOPICAL TERM |
| Topical term or geographic name entry element |
Schools |
| Form subdivision |
Juvenile fiction. |
| 650 #0 - SUBJECT ADDED ENTRY--TOPICAL TERM |
| Topical term or geographic name entry element |
Friendship |
| Form subdivision |
Juvenile fiction. |
| 650 #0 - SUBJECT ADDED ENTRY--TOPICAL TERM |
| Topical term or geographic name entry element |
Self-realization |
| Form subdivision |
Juvenile fiction. |
| 650 #0 - SUBJECT ADDED ENTRY--TOPICAL TERM |
| Topical term or geographic name entry element |
Drawing |
| Form subdivision |
Juvenile fiction. |
| 650 #0 - SUBJECT ADDED ENTRY--TOPICAL TERM |
| Topical term or geographic name entry element |
Identity (Psychology) |
| Form subdivision |
Juvenile fiction. |
| 650 #0 - SUBJECT ADDED ENTRY--TOPICAL TERM |
| Topical term or geographic name entry element |
Graphic novels. |
| Source of heading or term |
genre. |
| 830 #0 - SERIES ADDED ENTRY--UNIFORM TITLE |
| Uniform title |
Emmie & friends. |
| 942 ## - ADDED ENTRY ELEMENTS (KOHA) |
| Source of classification or shelving scheme |
|
| Koha item type |
Graphic Novel |